Statistics for Schengen Countries

Click here to take the quiz!

General Stats

  • This quiz has been taken 2,648 times
  • The average score is 24 of 26

Answer Stats

Country% Correct
France
97%
Germany
97%
Spain
96%
Belgium
95%
Portugal
95%
Sweden
95%
Finland
94%
Italy
94%
Austria
93%
Netherlands
93%
Poland
93%
Denmark
92%
Norway
92%
Estonia
91%
Hungary
90%
Latvia
90%
Lithuania
90%
Greece
89%
Luxembourg
89%
Slovakia
89%
Slovenia
89%
Switzerland
88%
Czech Republic
86%
Iceland
80%
Malta
80%
Liechtenstein
75%

Score Distribution

Percentile by Number Answered

Percent of People with Each Score

Your Score History

You have not taken this quiz